Obecný spravodaj Informačný občasník obce Hnilčík

Bibliographic Details
Format: Journal
Language:Slovak
Published: Hnilčík Obecný úrad Hnilčík 2002, 2005-2010, 2014-24/2015-
Spišská Nová Ves Lucian Cmorej-ABC studio
ISSN:1339-8938
Subjects:
Online Access:http://www.obechnilcik.sk/-obecny-spravodaj

MARC

LEADER 00000cas a2200000 a 4500
001 vtls010690988
003 SK-MaSNL
005 20260228163459.0
008 150708c20129999xo zr p 0 0slo
022 |a 1339-8938 
040 |a SNK  |b slo  |c SNK  |e AACR2 
041 0 |a slo 
043 |a e-xo--- 
044 |a xo  |c SK 
072 7 |a 35  |x Verejná správa  |2 konspekt 
072 7 |a 316  |x Sociológia  |2 konspekt 
080 |a 35  |2 2011 
080 |a (437.672)  |2 2011 
080 |a 316.728  |2 2011 
080 |a (051)+(054)  |2 2011 
210 0 |a Obecný sprav.  |b (Hnilčík) 
222 0 |a Obecný spravodaj  |b (Hnilčík) 
245 0 0 |a Obecný spravodaj  |b Informačný občasník obce Hnilčík 
260 |a Hnilčík  |b Obecný úrad Hnilčík  |c 2002, 2005-2010, 2014-24/2015- 
260 |3 25/2015-  |a Spišská Nová Ves  |b Lucian Cmorej-ABC studio 
310 |a Občasník 
362 0 |a Č 1 (2002)-č. 2 (2002); č. 3 (2005)-č. 19 (2010) ; roč. 7, č. 20 (2014)- 
500 |a Podnázov do č.13/2008: dvojmesačník obce Hnilčík 
500 |a Podnázov od č.14/2008 do č.19/2010: občasník obce Hnilčík 
500 |a Popis podľa č. 24/2015 
500 |a Má priebežné číslovanie 
500 |a Časopis má od r. 2019 chybné ročníkovanie 
650 0 7 |a spoločenský život  |2 SNKPH  |9 28654 
650 0 7 |a verejný život  |2 SNKPH  |9 265932 
650 0 7 |a samospráva  |2 SNKPH  |9 4165 
651 7 |a Hnilčík (Slovensko)  |2 SNKPHgeo  |9 58988 
655 7 |a miestne periodiká  |2 SNKPH  |9 160938 
856 4 1 |u http://www.obechnilcik.sk/-obecny-spravodaj 
910 |a snk 
999 |c 9526  |d 11456 
952 |0 0  |1 0  |4 0  |7 0  |8 0  |a SNK  |b SNK  |d 2024-01-16  |i snk2024/863  |l 0  |o snkČSB 7836/8/2015  |p 17A1522497  |r 2026-02-21 19:48:36  |t č. 24-26  |w 2026-02-21  |y PREZ 
952 |0 0  |1 0  |4 0  |7 0  |8 0  |a SNK  |b SNK  |d 2024-01-16  |i snk2024/875  |l 0  |o snkČSB 7836/9/2016  |p 17A1522498  |r 2026-02-21 19:48:36  |t č. 27-29  |w 2026-02-21  |y PREZ  |z Č. 27-28/2016 má chybne napísaný ročník 
952 |0 0  |1 0  |4 0  |7 0  |8 0  |a SNK  |b SNK  |d 2024-01-16  |i snk2024/876  |l 0  |o snkČSB 7836/10/2017  |p 17A1522499  |r 2026-02-21 19:48:36  |t č. 30-31  |w 2026-02-21  |y PREZ 
952 |0 0  |1 0  |4 0  |7 0  |8 0  |a SNK  |b SNK  |d 2024-01-16  |i snk2024/877  |l 0  |o snkČSB 7836/11/2018  |p 17A1522500  |r 2026-02-21 19:48:36  |t č. 32-34  |w 2026-02-21  |y PREZ 
952 |0 0  |1 0  |4 0  |7 0  |8 0  |a SNK  |b SNK  |d 2024-01-17  |i snk2024/934  |l 0  |o snkČSB 7836/10/2019  |p 17A1522501  |r 2026-02-21 19:50:55  |t č. 35-37  |w 2026-02-21  |y PREZ 
952 |0 0  |1 0  |4 0  |7 0  |8 0  |a SNK  |b SNK  |d 2024-01-17  |i snk2024/935  |l 0  |o snkČSB 7836/11/2020  |p 17A1522502  |r 2026-02-21 19:50:55  |t č. 38-39  |w 2026-02-21  |y PREZ 
952 |0 0  |1 0  |4 0  |7 0  |8 0  |a SNK  |b SNK  |d 2024-01-17  |i snk2024/936  |l 0  |o snkČSB 7836/8/2021  |p 17A1522503  |r 2026-02-21 19:50:55  |t č. 40-42  |w 2026-02-21  |y PREZ 
952 |0 0  |1 0  |4 0  |7 0  |8 0  |a SNK  |b SNK  |d 2024-01-17  |i snk2024/937  |l 0  |o snkČSB 7836/14/2022  |p 17A1522504  |r 2026-02-21 19:50:55  |t č. 43-44  |w 2026-02-21  |y PREZ